Deputy Cabinet members of the United States - Statistics

General Stats
  • This quiz has been taken 7 times
  • The average score is 4 of 16
Answer Stats
Hint Answer % Correct
Vice President JD Vance
100%
Second Lady Usha Vance
80%
Deputy Secretary of State Christopher Landau
20%
Deputy Secretary of Energy James Danly
20%
Deputy Secretary of Health and Human Services Jim O'Neill
20%
Deputy Secretary of the Interior Katharine MacGregor.
20%
Deputy Secretary of Labor Keith E. Sonderling
20%
Deputy Secretary of the Treasury Michael Faulkender
20%
Deputy Secretary of Commerce Paul Dabbar
20%
Deputy Secretary of Veterans Affairs Paul Lawrence
20%
Deputy Secretary of Agriculture Stephen Vaden
20%
Deputy Secretary of Defense Steve Feinberg
20%
Deputy Secretary of Transportation Steven G. Bradbury
20%
Deputy Attorney General Todd Blanche
20%
Deputy Secretary of Homeland Security Troy Edgar
20%
Deputy Secretary of Housing and Urban Development Andrew Hughes
0%
No matching quizzes found
Score Distribution
Percent of People with Each Score
Percentile by Number Answered
Your Score History
You have not taken this quiz